000 00966nam a2200253Ia 4500
003 OSt
005 20220930094859.0
006 a|||||r|||| 00| 0
007 ta
008 220926b |||||||| |||| 00| 0 hin d
024 _a32461
037 _cTheses
040 _aCRL
_cCRL
_bhin
041 _2hin
_ahin
100 _aकुमारी, परमिन्दर, ले.
110 _aदिल्ली विश्वविद्यालय. कला संकाय. हिन्दी
_9556555
245 0 _aमोहन राकेश के साहित्य में ‘आत्म’
246 _aMohan rākesh ke sāhitya mean ‘ātma’
260 _c2015
300 _a263पृ.
_ap.
_ccm.
700 _aदिल्ली विश्वविद्यालय. कला संकाय. हिन्दी
_9556556
942 _cDIS
_2CC
999 _c887848
_d887848